Builders fear £1bn fallout (Record no. 67525)

MARC details
000 -LEADER
fixed length control field 00814cam a2200205 4500
001 - CONTROL NUMBER
control field WB3725-04
008 - FIXED-LENGTH DATA ELEMENTS--GENERAL INFORMATION
fixed length control field 000000n2001 000 0 eng u
035 ## - SYSTEM CONTROL NUMBER
System control number (Sirsi) u113345
245 ## - TITLE STATEMENT
Title Builders fear £1bn fallout
260 ## - PUBLICATION, DISTRIBUTION, ETC.
Date of publication, distribution, etc. 2001
490 ## - SERIES STATEMENT
Series statement Guardian
Volume/sequential designation 28 June 2001, 24(1)
520 ## - SUMMARY, ETC.
Summary, etc. The collapse of Independent Insurance could cost the construction industry £1bn in personal injury claims going back several years. The Construction Confederation has been trying to assess the damage and deal with members queries following the serious fraud investigation of Independent's founder.
590 ## - LOCAL NOTE (RLIN)
Local note WB
650 ## - SUBJECT ADDED ENTRY--TOPICAL TERM
Topical term or geographic name entry element INSURANCE POLICY
650 ## - SUBJECT ADDED ENTRY--TOPICAL TERM
Topical term or geographic name entry element PERSONAL INJURY CLAIMS
650 ## - SUBJECT ADDED ENTRY--TOPICAL TERM
Topical term or geographic name entry element CONSTRUCTION INDUSTRY
650 ## - SUBJECT ADDED ENTRY--TOPICAL TERM
Topical term or geographic name entry element CONSTRUCTION CONFEDERATION
690 ## - LOCAL SUBJECT ADDED ENTRY--TOPICAL TERM (OCLC, RLIN)
Topical term or geographic name as entry element BUILT ENVIRONMENT
942 ## - ADDED ENTRY ELEMENTS (KOHA)
Suppress in OPAC 0
Holdings
Withdrawn status Lost status Source of classification or shelving scheme Damaged status Not for loan Home library Current library Shelving location Date acquired Total Checkouts Full call number Barcode Date last seen Copy number Price effective from Koha item type
    Dewey Decimal Classification     London London News article 28/06/2001   WB3725-04 113345-1001 06/08/2019 1 06/08/2019 News article